Protección jurídica del consumidor: responsabilidad del empresario, publicidad comercial engañosa, crédito al consumo, prácticas mercantiles irregulares, acceso a la justicia
Uloženo v:
| Hlavní autor: | |
|---|---|
| Médium: | Kniha |
| Jazyk: | španělština |
| Vydáno: |
Buenos Aires
Depalma
1986
|
| Témata: | |
| Tagy: |
Přidat tag
Žádné tagy, Buďte první, kdo vytvoří štítek k tomuto záznamu!
|
MARC
| LEADER | 00000nam a2200000 a 4500 | ||
|---|---|---|---|
| 001 | UCV1366 | ||
| 003 | CL-VaPUC | ||
| 008 | 900427e19860000AG |||||||||||||||||spa|d | ||
| 082 | 0 | 4 | |a 343.071 |b STI |2 21 |
| 100 | 0 | |a Stiglitz, Gabriel A |e author |9 295614 | |
| 245 | 1 | 0 | |a Protección jurídica del consumidor: responsabilidad del empresario, publicidad comercial engañosa, crédito al consumo, prácticas mercantiles irregulares, acceso a la justicia |
| 300 | |a 136 p | ||
| 942 | |c BK | ||
| 945 | |d 19900427 00:00:00 | ||
| 260 | |a Buenos Aires |b Depalma |c 1986 | ||
| 650 | 0 | |a Protección al consumidor |9 255293 | |
| 650 | 0 | |a Derecho y legislación |9 255077 | |
| 651 | 0 | |a Argentina |9 254888 | |
| 583 | |a last modification |c 19900427 00:00:00 |k Rodrigo Vera | ||
| 999 | |c 209342 |d 209340 | ||
| 952 | |0 0 |1 0 |4 0 |6 343_071000000000000_STI_1986 |7 0 |8 A |9 184686 |a BIBDER |b BIBDER |d 2019-11-14 |i 251995K |o 343.071 STI 1986 |p 251995K |r 2023-01-25 |w 2019-11-14 |y BK |k DER | ||